00674nam a2200205Ia 4500003000400000008004100004020002200045040000800067100002600075245007500101260002800176300001500204365001100219901002100230902003800251903005800289942001200347952009200359999001700451LDD181029s9999 xx 000 0 und d a195148142c995.00 cLDD aGoetzmann, William N. 4aThe equity risk premiumbessays and explorationscWilliam N. Goetzmann aNew DelhibOxfordc2006 axii, 555p. b995.00 a3683b15-01-2007 aUBS7388b15-03-2007cFdUPPALe33 aDiscount-10bReqst by : Sangoto Sen  2ddccBK 00102ddc4070978588aLDDbLDDl0o332.6322 G555Ep061919r2018-11-01w2018-11-01yBK c78589d78589